00549 2200205 4500001002100000005001500021035002000036007000300056008004100059020002200100082001400122084002000136100002000156245006300176250000600239260003700245300003100282650001300313990001700326INLIS00000000000032720260423071718 a0010-0323000221ta260423 j 0 ind  a978-602-8250-21-4 a899.221.3 a899.221.3 ANT o0 aAnto M Massardi1 aObat Hati Pelipur Lara :bseri motivasi /cAnto M Massardi a- aJakarta :bAku Anak Saleh,c2008 a106 :bilus. ;c20.5 cme- 4aFILSAFAT a00030/K/2020